Mariano Marcos State University

University Library System

Growth and survival of nursery-grown kalumpit (Terminalia microcarpa Decne.) seedlings as affected by types and rates of fertilizer (Record no. 9843)

MARC details
000 -LEADER
fixed length control field 00662nam a22001697a 4500
003 - CONTROL NUMBER IDENTIFIER
control field OSt
005 - DATE AND TIME OF LATEST TRANSACTION
control field 20171010095536.0
008 - FIXED-LENGTH DATA ELEMENTS--GENERAL INFORMATION
fixed length control field 121030t xxu||||| |||| 00| 0 eng d
040 ## - CATALOGING SOURCE
Original cataloging agency MMSU
Transcribing agency ULS
100 ## - MAIN ENTRY--PERSONAL NAME
Personal name Buyag, Joseph M.
9 (RLIN) 13896
245 ## - TITLE STATEMENT
Title Growth and survival of nursery-grown kalumpit (Terminalia microcarpa Decne.) seedlings as affected by types and rates of fertilizer
Statement of responsibility, etc. Joseph M. Buyag
260 ## - PUBLICATION, DISTRIBUTION, ETC.
Date of publication, distribution, etc. 2008
300 ## - PHYSICAL DESCRIPTION
Extent xiv, 72 leaves
Dimensions 28 cm.
500 ## - GENERAL NOTE
General note Thesis (BS Forestry) -- Mariano Marcos State University-College of Agriculture, Food and Sustainable Development, Batac City
504 ## - BIBLIOGRAPHY, ETC. NOTE
Bibliography, etc. note Bibliography: leaves 45-47
942 ## - ADDED ENTRY ELEMENTS (KOHA)
Source of classification or shelving scheme
Koha item type Thesis/Dissertation
Holdings
Withdrawn status Lost status Source of classification or shelving scheme Damaged status Not for loan Home library Current library Date acquired Total Checkouts Barcode Date last seen Price effective from Koha item type Public note
          REF REF 10/30/2012   3557-Un 10/10/2017 10/10/2017 Thesis/Dissertation Library Use only

© 2023 Mariano Marcos State University. All Rights Reserved.

Powered by Koha